Комплексное прогнозирование поисков месторождений полезных ископаемых на основе изучения глубинного строения земной коры металлогенической складчатой области

Bibliografiset tiedot
Päätekijä: Соловьев Н. Н. Николай Николаевич
Yhteisötekijä: Российский государственный геологоразведочный университет им. Серго Орджоникидзе (РГГРУ)
Yhteenveto:В данной монографии рассмотрении геофизические, структурные геологические, геохимические, минералогические петрохимические, рудные, исторические, математические — методологические аспекты в геологии. Проведено районирование глубинных и поверхностных структур, выявлены их связи; установлен вулканический пояс и вулкано-плутоническая формация; устаноатена преемственность между магматизмом и гидротермальным процес сом, проведена систематика рудных формаций по типам тектонического развития структур: выделены четыре эпохи рудообразования, в том числе наиболее про дуктивная; систематизированы поисковые критерии; дано обоснование перспек тивности вулканического пояса и отдельных его районов. Созданы теоретические основы поисков оруденения, установлено влияние глубинного строения металло-генической складчатой области на размещение и формирование месторождений, что можно рассматривать как развитие нового актуального научного направле ния в теории и практике разработок методологических основ научного прогноза месторождений.
Kieli:venäjä
Julkaistu: Москва, КДУ, 2017
Painos:2-е изд., испр. и доп.
Aiheet:
Aineistotyyppi: Kirja
KOHA link:https://koha.lib.tpu.ru/cgi-bin/koha/opac-detail.pl?biblionumber=321741

MARC

LEADER 00000nam0a2200000 4500
001 321741
005 20231102003415.0
010 |a 9785913046543 
035 |a (RuTPU)RU\TPU\book\347297 
090 |a 321741 
100 |a 20160905d2017 k y0rusy50 ca 
101 0 |a rus 
102 |a RU 
105 |a a z 001zy 
200 1 |a Комплексное прогнозирование поисков месторождений полезных ископаемых на основе изучения глубинного строения земной коры металлогенической складчатой области  |f Н. Н. Соловьев  |g Российский государственный геологоразведочный университет им. Серго Орджоникидзе (РГГРУ) 
205 |a 2-е изд., испр. и доп. 
210 |a Москва  |c КДУ  |c Университетская книга  |d 2017 
215 |a 296 с.  |c ил. 
320 |a Библиогр.: с. 265-273 
330 |a В данной монографии рассмотрении геофизические, структурные геологические, геохимические, минералогические петрохимические, рудные, исторические, математические — методологические аспекты в геологии. Проведено районирование глубинных и поверхностных структур, выявлены их связи; установлен вулканический пояс и вулкано-плутоническая формация; устаноатена преемственность между магматизмом и гидротермальным процес сом, проведена систематика рудных формаций по типам тектонического развития структур: выделены четыре эпохи рудообразования, в том числе наиболее про дуктивная; систематизированы поисковые критерии; дано обоснование перспек тивности вулканического пояса и отдельных его районов. Созданы теоретические основы поисков оруденения, установлено влияние глубинного строения металло-генической складчатой области на размещение и формирование месторождений, что можно рассматривать как развитие нового актуального научного направле ния в теории и практике разработок методологических основ научного прогноза месторождений. 
606 1 |a Рудные месторождения  |x Прогноз  |2 stltpush  |3 (RuTPU)RU\TPU\subj\25976  |9 50004 
610 1 |a месторождения полезных ископаемых 
610 1 |a поиски 
610 1 |a разведка 
610 1 |a комплексное прогнозирование 
610 1 |a земная кора 
610 1 |a глубинное строение 
610 1 |a металлогеническая складчатая область 
610 1 |a Алтае-Саянская складчатая область 
610 1 |a районирование 
610 1 |a геологическое строение 
610 1 |a урановорудные регионы 
610 1 |a рудные формации 
610 1 |a уран 
610 1 |a ураноносность 
675 |a 553.3/.4.04  |v 4 
700 1 |a Соловьев  |b Н. Н.  |g Николай Николаевич 
712 0 2 |a Российский государственный геологоразведочный университет им. Серго Орджоникидзе (РГГРУ)  |c (Москва)  |c (2005- )  |2 stltpush  |3 (RuTPU)RU\TPU\col\8432 
801 1 |a RU  |b 63413507  |c 20160905 
801 2 |a RU  |b 63413507  |c 20191219  |g RCR 
942 |c BK 
959 |a 2/20170120  |d 1  |e 0  |f ЧЗТЛ:1